000
00284nam a2200133Ia 4500
100
_a
Ravish/ R/ Singh
942
_c
BK
654
_a
electrical
245
_a
Electrical Networks
260
_b
Nirali prakashan
_c
1996
082
_a
621.3192
_b
SIN
300
_a
424
546
_a
ENGLISH
999
_c
21826
_d
21826